[Event "Russia Cup Final 2012"]
[Site "Khanty-Mansiisk RUS"]
[Date "2012.12.06"]
[Round "2.1"]
[White "Jakovenko,D"]
[Black "Lysyj,I"]
[Result "1/2-1/2"]
[WhiteElo "2741"]
[BlackElo "2617"]

1.d4 Nf6 2.c4 e6 3.Nf3 d5 4.Nc3 c5 5.cxd5 cxd4 6.Qa4+ Bd7 7.Qxd4 exd5 8.e3 Nc6
9.Qd3 Be6 10.Be2 g6 11.Nd4 Nxd4 12.Qxd4 Bg7 13.Bb5+ Kf8 14.Bd2 Kg8 15.Qb4 a5
16.Qa4 Nd7 17.O-O Nb6 18.Qc2 Rc8 19.Rad1 h6 20.Qb1 Nc4 21.Bc1 Nxb2 22.Bxb2 Bxc3
23.Bxc3 Rxc3 24.Qb2 Rc5 25.Bd3 Kh7 26.f4 Qd7 27.f5 Bxf5 28.Bxf5 gxf5 29.Qb1 d4
30.Rxd4 Qe6 31.Kh1 Rhc8 32.Rdf4 Kg8 33.Qxb7 Rc1 34.h3 Rxf1+ 35.Rxf1 Rc2 36.Qa8+ Kh7
37.Qxa5 Rxa2 38.Qxf5+ Qxf5 39.Rxf5 Kg6 40.Rf3 h5 41.Kg1 f6 42.Kf1 Ra1+ 43.Kf2 Ra2+
44.Kg3 Re2 45.h4 Kg7 46.Kh3 Re1 47.g3 Kg6 48.Kg2 Re2+ 49.Kf1 Ra2 50.Rf2 Ra1+
51.Kg2 Re1 52.Kf3 Kf5 53.Rd2 Rf1+ 54.Kg2 Ra1 55.Rd4 Re1 56.Kf2 Rh1 57.Rf4+ Kg6
58.Ra4 Kf5 59.e4+ Kg6 60.Ra6 Kg7 61.Rb6 Ra1 62.Rb3 Kg6 63.Ke3 Re1+ 64.Kf4 Rf1+
65.Rf3 Re1 66.Rf2 Rg1 67.Kf3 Re1 68.Re2  1/2-1/2

[Event "Russia Cup Final 2012"]
[Site "Khanty-Mansiisk RUS"]
[Date "2012.12.07"]
[Round "2.4"]
[White "Lysyj,I"]
[Black "Jakovenko,D"]
[Result "1/2-1/2"]
[WhiteElo "2617"]
[BlackElo "2741"]

1.d4 d5 2.c4 c6 3.Nf3 Nf6 4.e3 a6 5.Nc3 e6 6.Bd3 dxc4 7.Bxc4 b5 8.Be2 c5
9.O-O Bb7 10.dxc5 Bxc5 11.Qxd8+ Kxd8 12.Nd2 Ke7 13.Nb3 Bd6 14.Rd1 Rd8 15.Na5 Ra7
16.Nxb7 Rxb7 17.Bd2 Nc6 18.Be1 Ne5 19.a4 b4 20.Nb1 a5 21.Nd2 Bc5 22.Nb3 Rxd1
23.Rxd1 Bb6 24.Kf1 Rc7 25.Rc1  1/2-1/2

[Event "Russia Cup Final 2012"]
[Site "Khanty-Mansiisk RUS"]
[Date "2012.12.07"]
[Round "2.3"]
[White "Jakovenko,D"]
[Black "Lysyj,I"]
[Result "1/2-1/2"]
[WhiteElo "2741"]
[BlackElo "2617"]

1.e4 e6 2.d4 d5 3.Nc3 Nf6 4.e5 Nfd7 5.f4 c5 6.Nf3 Nc6 7.Be3 Be7 8.Qd2 O-O
9.dxc5 Nxc5 10.O-O-O Qc7 11.Kb1 a6 12.Qf2 b6 13.Nd4 Bb7 14.Bd3 Rac8 15.Rhe1 Nxd3
16.Rxd3 b5 17.Nxc6 Bxc6 18.Ne2 d4 19.Nxd4 Be4 20.Rc3 Qb7 21.Rxc8 Rxc8 22.g4 Bc5
23.Rc1 Bxd4 24.Bxd4 Qd5 25.b3 a5 26.Kb2 a4 27.Qe3 Bg6 28.Qf2 axb3 29.axb3 b4
30.h4 Be4 31.c4 bxc3+ 32.Rxc3 Ra8 33.Rc5 Qb7 34.Qe2 Rb8 35.Rc3 Bd5 36.Qd3 Ra8
37.Bc5 Be4 38.Qe2 Qd5 39.h5 Qb7  1/2-1/2

[Event "Russia Cup Final 2012"]
[Site "Khanty-Mansiisk RUS"]
[Date "2012.12.07"]
[Round "2.2"]
[White "Lysyj,I"]
[Black "Jakovenko,D"]
[Result "1/2-1/2"]
[WhiteElo "2617"]
[BlackElo "2741"]

1.d4 d5 2.c4 c6 3.Nf3 Nf6 4.e3 a6 5.Nc3 e6 6.Bd3 dxc4 7.Bxc4 b5 8.Be2 c5
9.O-O Bb7 10.dxc5 Qxd1 11.Rxd1 Bxc5 12.Nd2 Ke7 13.Nb3 Bd6 14.Na5 Ra7 15.a4 b4
16.Na2 Bc7 17.Nxb7 Rxb7 18.Bf3 Rb6 19.Bd2 Bd6 20.a5 Rb5 21.Be2 Rxa5 22.Nxb4 Rxa1
23.Rxa1 Ne4 24.Be1 Nc5 25.Bc4 Rc8 26.b3 Rc7 27.Nc2 Ncd7 28.Nb4 Rb7 29.Nxa6 Nxa6
30.Rxa6 Nc5 31.Ra1 Nxb3 32.Rb1 Nc5 33.Rxb7+ Nxb7 34.h3 h5 35.Kf1 g6 36.Ke2 Nc5
37.Bb4 Ne4 38.Be1 Nc5 39.Bb4 Ne4 40.Be1 Nc5 41.Bb4  1/2-1/2

[Event "Russia Cup Final 2012"]
[Site "Khanty-Mansiisk RUS"]
[Date "2012.12.07"]
[Round "2.5"]
[White "Lysyj,I"]
[Black "Jakovenko,D"]
[Result "0-1"]
[WhiteElo "2617"]
[BlackElo "2741"]

1.d4 d5 2.c4 c6 3.Nf3 Nf6 4.e3 a6 5.Bd2 e6 6.Qc2 dxc4 7.Bxc4 b5 8.Be2 Bb7
9.O-O Nbd7 10.b4 Bd6 11.a3 O-O 12.Nc3 e5 13.Rfd1 Qe7 14.dxe5 Nxe5 15.Nd4 g6
16.Nb3 Rad8 17.Be1 Rfe8 18.h3 Ned7 19.Bf3 Ne5 20.Be2 Ned7 21.Nd4 c5 22.bxc5 Nxc5
23.Bf3 Bxf3 24.Nxf3 Nce4 25.Nxe4 Nxe4 26.a4 b4 27.a5 Rc8 28.Qd3 Qb7 29.Rab1 Red8
30.Qb3 Bf8 31.Rxd8 Rxd8 32.Qc4 Rc8 33.Qd4 Bc5 34.Qe5 Qe7 35.Qb2 Rb8 36.Qb3 Qe6
37.Qd3 b3 38.Nd4 Bxd4 39.Qxd4 Qc6 40.f3 Qc2 41.Rb2 Qc1 42.fxe4 Qxe1+ 43.Kh2 Qxa5
44.e5 Qb6 45.Qe4 a5 46.h4 Qe6 47.h5 a4 48.h6 a3 49.Rd2 b2 50.g3 Re8 51.Rd6 Qe7
52.Ra6 Qg5 53.e6 Qxh6+ 54.Kg2 Qf8 55.Qc4 Rxe6 56.Rxa3 b1=Q 57.Rd3 Qxd3 58.Qxd3 Qe8
59.Kh2 Qf8 60.Kg2 Qe8 61.Qd4  0-1

[Event "Russia Cup Final 2012"]
[Site "Khanty-Mansiisk RUS"]
[Date "2012.12.08"]
[Round "3.1"]
[White "Socko,B"]
[Black "Jakovenko,D"]
[Result "1/2-1/2"]
[WhiteElo "2631"]
[BlackElo "2741"]

1.d4 d5 2.c4 c6 3.Nf3 Nf6 4.e3 a6 5.Bd3 Bg4 6.Qb3 Bxf3 7.gxf3 Qc7 8.f4 dxc4
9.Bxc4 e6 10.Nc3 Be7 11.Bd2 O-O 12.Rc1 Nbd7 13.Be2 Rfd8 14.Bf3 Rac8 15.O-O Nf8
16.Na4 N8d7 17.Bb4 Bxb4 18.Qxb4 Nd5 19.Qb3 g6 20.Rc2 Ne7 21.Rfc1 Nf5 22.Qb4 Rb8
23.Bg2 Nf6 24.Nc5 Qe7 25.Nd3 Nd6 26.Ne5 Nd5 27.Qa5 Kh8 28.Kh1 Rg8 29.Rg1 Rbd8
30.Qc5 Qf6 31.Bf3 Qe7 32.Rcc1 Rgf8 33.a3 Rg8 34.Rg2 Rg7 35.Nd3 Rgg8 36.Ne5 Rg7
37.Nd3 Rgg8 38.Rcg1 Rg7 39.Ne5 Qf6 40.Qc1 Qe7 41.Qc5 Qf6 42.Qc1 Qe7 43.Qc5  1/2-1/2

[Event "Russia Cup Final 2012"]
[Site "Khanty-Mansiisk RUS"]
[Date "2012.12.09"]
[Round "3.3"]
[White "Socko,B"]
[Black "Jakovenko,D"]
[Result "1/2-1/2"]
[WhiteElo "2631"]
[BlackElo "2741"]

1.d4 d5 2.c4 c6 3.Nf3 Nf6 4.e3 a6 5.Bd3 Bg4 6.Qb3 Bxf3 7.gxf3 Qc7 8.f4 dxc4
9.Bxc4 e6 10.Nc3 Be7 11.Bd2 O-O 12.Rc1 c5 13.dxc5 Nbd7 14.Na4 Ne4 15.Bb4 Ndxc5
16.Nxc5 Nxc5 17.Bxc5 Bxc5 18.O-O Qe7 19.Bd3 Rac8 20.Be4 Rc7 21.Rc3 g6 22.Rfc1 b6
23.Rd1 Rd7 24.Rxd7 Qxd7 25.Rd3 Qe7 26.Qd1  1/2-1/2

[Event "Russia Cup Final 2012"]
[Site "Khanty-Mansiisk RUS"]
[Date "2012.12.09"]
[Round "3.2"]
[White "Jakovenko,D"]
[Black "Socko,B"]
[Result "1/2-1/2"]
[WhiteElo "2741"]
[BlackElo "2631"]

1.Nf3 Nf6 2.g3 g6 3.Bg2 Bg7 4.O-O O-O 5.c4 d6 6.d4 Nc6 7.Nc3 Bf5 8.Ne1 a6
9.e4 Bd7 10.Nc2 e5 11.d5 Ne7 12.f4 Ne8 13.fxe5 Bxe5 14.Bf4 c5 15.Qd2 Nc8
16.Ne1 Bg7 17.a4 Qa5 18.Nc2 Nb6 19.Qe2 Bc8 20.Bg5 Bxc3 21.bxc3 f6 22.Bd2 Nd7
23.Ne3 Ne5 24.Qd1 Ng7 25.Qb3 Rf7 26.Rab1 Qd8 27.Qb6 Qe7 28.a5 h5 29.Qb3 Ne8
30.Qa2 Rh7 31.h3 Qd8 32.Nd1 h4 33.g4 g5 34.Ne3 Rb8 35.Rb6 Nd7 36.Rb2 Ne5
37.Rb6 Nd7 38.Rb2 Ne5 39.Rb6  1/2-1/2

[Event "Piterenka Rapid 2012"]
[Site "Moscow RUS"]
[Date "2012.12.29"]
[Round "3"]
[White "Jakovenko,D"]
[Black "Nepomniachtchi,I"]
[Result "0-1"]
[WhiteElo "2741"]
[BlackElo "2707"]

1.Nf3 Nf6 2.c4 c5 3.Nc3 d5 4.cxd5 Nxd5 5.e4 Nb4 6.Bc4 Nd3+ 7.Ke2 Nxc1+ 8.Rxc1 a6
9.d4 b5 10.Bd5 Ra7 11.dxc5 e6 12.Bb3 Rd7 13.Qc2 Bb7 14.Rhd1 Rxd1 15.Nxd1 Be7
16.a3 Nc6 17.Ba2 a5 18.Ne3 O-O 19.Kf1 Qc7 20.Qe2 Ba6 21.Kg1 Qa7 22.Nd5 exd5
23.exd5 b4 24.Qe3 Nd8 25.axb4 axb4 26.d6 Bf6 27.c6 Qxe3 28.fxe3 Bxb2 29.Rc2 Bc3
30.c7 Bc8 31.Ng5  0-1

[Event "Piterenka Blitz 2012"]
[Site "Moscow RUS"]
[Date "2012.12.29"]
[Round "3"]
[White "Jakovenko,D"]
[Black "Nepomniachtchi,I"]
[Result "1/2-1/2"]
[WhiteElo "2741"]
[BlackElo "2707"]

1.e4 e6 2.d4 d5 3.Nc3 Nf6 4.e5 Nfd7 5.f4 c5 6.Nf3 Nc6 7.Be3 Qb6 8.Na4 Qa5+
9.c3 b6 10.a3 c4 11.Be2 Ba6 12.b4 cxb3 13.Qxb3 Bxe2 14.Kxe2 Qa6+ 15.Kf2 Na5
16.Qc2 Rc8 17.Nb2 Qb5 18.Nd2 Be7 19.Rhc1 O-O 20.a4 Qc6 21.Qd3 Qb7 22.Kg1 Rc7
23.f5 Rfc8 24.Rc2 Nc6 25.Rac1 Ba3 26.Nf3 exf5 27.Qxf5 Ne7 28.Qd3 Nf8 29.Bd2 Rc6
30.Ra1 Bxb2 31.Rxb2 Rc4 32.a5 b5 33.a6 Qb6 34.h3 h6 35.Kh2 Ne6 36.Be1 Ng6
37.Rf2 Ra4 38.Rfa2 Rxa2  1/2-1/2

[Event "Piterenka Rapid 2012"]
[Site "Moscow RUS"]
[Date "2012.12.29"]
[Round "4"]
[White "Jakovenko,D"]
[Black "Grischuk,A"]
[Result "0-1"]
[WhiteElo "2741"]
[BlackElo "2764"]

1.e4 e6 2.d4 d5 3.exd5 exd5 4.Nf3 Bd6 5.c4 dxc4 6.Bxc4 Nf6 7.O-O O-O 8.Nc3 Nc6
9.h3 h6 10.a3 Bf5 11.Re1 a6 12.d5 Ne7 13.Ba2 Re8 14.Be3 Ng6 15.Nd4 Bd7 16.Qd2 Qc8
17.f3 Re5 18.g4 h5 19.Kf1 hxg4 20.hxg4 Bxg4 21.fxg4 Qxg4 22.Qg2 Rxe3 23.Rxe3 Qxd4
24.Rae1 Rf8 25.Bb1 Ng4  0-1

[Event "Piterenka Blitz 2012"]
[Site "Moscow RUS"]
[Date "2012.12.29"]
[Round "4"]
[White "Jakovenko,D"]
[Black "Grischuk,A"]
[Result "1-0"]
[WhiteElo "2741"]
[BlackElo "2764"]

1.Nf3 c5 2.g3 g6 3.Bg2 Bg7 4.O-O Nc6 5.c4 e6 6.Nc3 d6 7.a3 Nge7 8.Rb1 b6
9.d3 Bb7 10.Bd2 Qd7 11.b4 Rd8 12.Qc1 h6 13.Rd1 g5 14.Nb5 O-O 15.Bc3 e5 16.bxc5 dxc5
17.Ba1 Nd4 18.Nbxd4 exd4 19.e3 dxe3 20.Qxe3 Nf5 21.Qd2 Bxa1 22.Rxa1 Rfe8
23.a4 Bxf3 24.Bxf3 Nd4 25.Bh5 Re2 26.Bxe2  1-0

[Event "Piterenka Rapid 2012"]
[Site "Moscow RUS"]
[Date "2012.12.29"]
[Round "5"]
[White "Nepomniachtchi,I"]
[Black "Jakovenko,D"]
[Result "1/2-1/2"]
[WhiteElo "2707"]
[BlackElo "2741"]

1.c4 c5 2.Nf3 Nc6 3.Nc3 Nf6 4.g3 g6 5.d4 cxd4 6.Nxd4 d6 7.Bg2 Bd7 8.O-O Bg7
9.e3 Qc8 10.b3 Bh3 11.Bb2 Bxg2 12.Kxg2 O-O 13.Rc1 Qd7 14.Qf3 Rac8 15.Rfd1 Rfd8
16.h3 a6 17.Na4 Qc7 18.Qe2 e6 19.Nf3 b6 20.Nc3 Qb7 21.Kg1 Rb8 22.Rd2 Rd7
23.Rcd1 Rbd8 24.Ba3 Ne8 25.Bb2 Nf6 26.Ng5 d5 27.cxd5 exd5 28.Nf3 Ne4 29.Rc2 b5
30.Rcc1 h6 31.Qc2 Nxc3 32.Bxc3 d4 33.exd4 Nxd4 34.Nxd4 Bxd4 35.Rxd4 Rxd4
36.Bxd4 Rxd4 37.Qc8+ Qxc8 38.Rxc8+ Kg7 39.Ra8 Rd6 40.Kg2 Re6 41.Ra7 g5 42.a4 bxa4
43.bxa4 Kg6 44.a5 f6 45.g4 h5 46.Kg3  1/2-1/2

[Event "Piterenka Rapid 2012"]
[Site "Moscow RUS"]
[Date "2012.12.29"]
[Round "6"]
[White "Jakovenko,D"]
[Black "Karjakin,Sergey"]
[Result "1/2-1/2"]
[WhiteElo "2741"]
[BlackElo "2775"]

1.e4 e5 2.Nf3 Nc6 3.Bb5 a6 4.Ba4 Nf6 5.O-O Be7 6.d3 b5 7.Bb3 d6 8.a4 Bd7
9.c3 O-O 10.Re1 Na5 11.Bc2 c5 12.Nbd2 Nc6 13.Nf1 Re8 14.Bg5 h6 15.Bxf6 Bxf6
16.Ne3 Ne7 17.Bb3 Rb8 18.axb5 axb5 19.Nd5 Nxd5 20.Bxd5 Be6 21.Bxe6 fxe6 22.Qc2 Ra8
23.Qb3 Qd7 24.Ra2 d5 25.Rxa8 Rxa8 26.h3 c4 27.Qc2 Qd6 28.d4 exd4 29.e5 d3
30.Qd1 Qf8 31.exf6 Qxf6 32.Qd2 Ra2 33.Re5 g5 34.Qe1 Kf7 35.Qb1 Ra7 36.Re1 Kg7
37.Qc1 Ra2 38.Nd4 e5 39.Nxb5 Qb6 40.Rxe5 Qxb5 41.Qe3 Ra1+ 42.Kh2 Qb8 43.f4 Ra7
44.Qd4 Kh7 45.Qxd5 gxf4 46.Qe4+ Kg7 47.Qxf4 Rb7 48.Kg3 d2 49.Rd5 Qxf4+ 50.Kxf4 Rxb2
51.Ke4  1/2-1/2

[Event "20th TCh-RUS 2013"]
[Site "Loo RUS"]
[Date "2013.04.10"]
[Round "4"]
[White "Jakovenko,D"]
[Black "Caruana,F"]
[Result "1/2-1/2"]
[WhiteElo "2734"]
[BlackElo "2772"]

1.Nf3 Nf6 2.c4 c5 3.Nc3 d5 4.cxd5 Nxd5 5.e4 Nb4 6.Bc4 Nd3+ 7.Ke2 Nf4+ 8.Kf1 Nd3
9.Ke2 Nf4+ 10.Kf1 Nd3 11.Qb3 e6 12.Bb5+ Nc6 13.Na4 Nb4 14.a3 Qa5 15.Be2 Na6
16.Nc3 Be7 17.d3 O-O 18.Be3 Rd8 19.Rc1 Bf6 20.h4 Nd4 21.Qd1 Nxf3 22.gxf3 Bd4
23.Qd2 e5 24.Bxd4 cxd4 25.Nb1 Qxd2 26.Nxd2 Be6 27.Kg2 Rac8 28.Kg3 Nc5 29.f4 exf4+
30.Kxf4 Bd7 31.Nf3 Bb5 32.Kg3 f6 33.Rhe1 a6 34.b4 Ne6 35.Rxc8 Rxc8 36.Ra1 Rc3
37.Ne1 g5 38.hxg5 fxg5 39.a4 Bc6 40.Kg4 Bd7 41.Bd1 Kf7 42.Kf5 Ke7 43.a5 Bb5
44.Ke5 Bxd3 45.Bg4 Bc4 46.Nf3 Be2 47.Bxe6 Rxf3 48.Rh1 d3 49.Rxh7+ Kf8 50.Rh8+ Ke7
51.Rh7+ Kf8 52.Rh8+ Ke7 53.Rh7+  1/2-1/2

[Event "20th TCh-RUS 2013"]
[Site "Loo RUS"]
[Date "2013.04.11"]
[Round "5"]
[White "Svidler,P"]
[Black "Jakovenko,D"]
[Result "1/2-1/2"]
[WhiteElo "2747"]
[BlackElo "2734"]

1.d4 d5 2.c4 e6 3.Nc3 Be7 4.cxd5 exd5 5.Bf4 c6 6.e3 Bd6 7.Bxd6 Qxd6 8.Bd3 Ne7
9.Qc2 b6 10.e4 dxe4 11.Nxe4 Qb4+ 12.Nd2 Ba6 13.Nf3 Bxd3 14.Qxd3 Nd7 15.O-O O-O
16.Ne4 Qa5 17.Rfe1 Qd5 18.Nc3 Qd6 19.Ne4 Qd5 20.Rad1 Ng6 21.Nc3 Qd6 22.d5 Nf6
23.Ne4 Nxe4 24.Qxe4 Rfd8 25.dxc6 Qxd1 26.c7 Qxe1+ 27.Qxe1 Rd7 28.h4 Nf8 29.h5 h6
30.Nh4 Rxc7 31.Nf5 Ne6 32.Qe4 Rd8 33.a4 Rcd7 34.b4 Nd4 35.Ne3 Ne6 36.Nf5 Nd4
37.Ne3 Ne6 38.Nf5  1/2-1/2

[Event "French Top 12 2013"]
[Site "Haguenau FRA"]
[Date "2013.06.02"]
[Round "4.2"]
[White "Jakovenko,D"]
[Black "Iordachescu,V"]
[Result "1-0"]
[WhiteElo "2731"]
[BlackElo "2582"]

1.Nf3 Nf6 2.c4 e6 3.Nc3 Bb4 4.Qc2 O-O 5.a3 Bxc3 6.Qxc3 d6 7.e3 e5 8.b4 Re8
9.Bb2 b6 10.d3 c5 11.Be2 Nc6 12.O-O a6 13.h3 Ra7 14.Rfd1 Rc7 15.Bf1 Bb7 16.Qb3 a5
17.bxc5 bxc5 18.Bc3 Qa8 19.Qa4 Bc8 20.Rab1 h6 21.Rb2 Bd7 22.Qc2 Ne7 23.Rdb1 a4
24.Nd2 Qa7 25.Be2 Bc6 26.Bf3 Bxf3 27.Nxf3 Nc6 28.Rb5 Nd7 29.Nh4 g6 30.Qd1 Qa8
31.Qg4 Re6 32.f4 exf4 33.Qxf4 Qf8 34.d4 f5 35.d5 Re4 36.Nxf5 gxf5  1-0

[Event "French Top 12 2013"]
[Site "Haguenau FRA"]
[Date "2013.06.03"]
[Round "5.3"]
[White "Jakovenko,D"]
[Black "Sokolov,Ivan"]
[Result "0-1"]
[WhiteElo "2731"]
[BlackElo "2642"]

1.d4 d5 2.c4 e6 3.Nf3 Nf6 4.Nc3 c5 5.cxd5 cxd4 6.Qa4+ b5 7.Nxb5 Bd7 8.d6 Bxb5
9.Qxb5+ Nbd7 10.Qa4 Bxd6 11.Qxd4 Bc5 12.Qa4 O-O 13.e3 Rb8 14.Bb5 Nb6 15.Qd1 Nbd5
16.Bd3 Bb4+ 17.Kf1 Nc3 18.bxc3 Bxc3 19.Ba3 Bxa1 20.Bxf8 Kxf8 21.h3 Bc3 22.g4 Rb2
23.Kg2 Nd5 24.Qc1 Qb6 25.Kg3 Qd6+ 26.Kg2 Qc5 27.Kg3 Rxa2 28.Rd1 a5 29.Bb1 Rb2
30.Ng5 a4 31.Ne4 Be5+ 32.f4 Qxe3+ 33.Qxe3 Nxe3 34.Rd7 Bb8  0-1

[Event "FIDE World Blitz 2013"]
[Site "Khanty-Mansiysk RUS"]
[Date "2013.06.09"]
[Round "1.15"]
[White "Vasquez Schroeder,R"]
[Black "Jakovenko,D"]
[Result "0-1"]
[WhiteElo "2542"]
[BlackElo "2713"]

1.d4 Nf6 2.Nf3 e6 3.e3 b6 4.Bd3 Bb7 5.O-O d5 6.Ne5 Bd6 7.f4 O-O 8.Nd2 c5
9.b3 Nc6 10.Bb2 cxd4 11.exd4 Nb4 12.Be2 Rc8 13.c3 Nc6 14.Bd3 Ne7 15.Qe2 Ng6
16.Rae1 Qe7 17.Qe3 a6 18.a4 Rc7 19.Qe2 Ra8 20.h3 Nd7 21.Kh1 Ndf8 22.Qe3 f6
23.Nxg6 hxg6 24.Nf3 Bc6 25.Nh4 Be8 26.c4 Qf7 27.Qe2 dxc4 28.Bxc4 Bc6 29.f5 gxf5
30.Nxf5 Rd8 31.Qg4 Kh8 32.Nh4 Bd5 33.Bd3 g5 34.Nf3 Qg7 35.Bc4 Rxc4 36.bxc4 Bxc4
37.Rg1 Bd5 38.Nd2 Bb4 39.Re2 Bxd2 40.Rxd2 Ng6 41.Rc1 Nf4 42.Kh2 f5 43.Qg3 Rg8
44.Re1 Qh6 45.Bc1 Ng6 46.Rc2 f4 47.Qg4 Nh4 48.Rc7 Nxg2 49.Rf1 Rg7 50.Rc8+ Kh7
51.Bd2 Nh4 52.Be1 Nf5 53.Bf2 Nd6 54.Rb8 Ne4 55.Be1 Nf6 56.Qe2 g4 57.h4 g3+
58.Kh3 Rg4 59.Qc2+ Be4 60.Qc7+ Kg6 61.Rg8+ Nxg8  0-1

[Event "FIDE World Blitz 2013"]
[Site "Khanty-Mansiysk RUS"]
[Date "2013.06.09"]
[Round "3.16"]
[White "Jakovenko,D"]
[Black "Gordievsky,D"]
[Result "1/2-1/2"]
[WhiteElo "2713"]
[BlackElo "2474"]

1.Nf3 e6 2.c4 b6 3.Nc3 Bb7 4.g3 c5 5.Bg2 Nf6 6.O-O Be7 7.Re1 Ne4 8.d4 Nxc3
9.bxc3 Be4 10.Bh3 O-O 11.Nd2 Bg6 12.Bg2 Nc6 13.e3 Rc8 14.Qe2 Qc7 15.d5 Na5
16.e4 e5 17.Nf1 Qb7 18.f4 f6 19.Be3 Rce8 20.f5 Bf7 21.g4 Rb8 22.a4 d6 23.h4 h6
24.Nd2 Rfc8 25.Bf3 Qc7 26.Kf2 Qd8 27.Rg1 Kf8 28.Rg2 Ke8 29.g5 fxg5 30.hxg5 Bxg5
31.Bxg5 hxg5 32.Rag1 Qf6 33.Rxg5 Ke7 34.Rxg7 Rg8 35.Rxg8 Rxg8 36.Rxg8 Bxg8
37.Qe3 Bf7 38.Bd1 Qh4+ 39.Qg3 Qh6 40.Nf3 Nxc4 41.Ng5 Kf6 42.Nxf7 Kxf7 43.Be2 Nd2
44.Qg4 Kf6 45.Ke1 Nb1 46.Qg8 Qh1+ 47.Kf2 Qh2+ 48.Kf1 Qf4+ 49.Kg1 Qg5+ 50.Qxg5+ Kxg5
51.c4 Nc3 52.Bd3 Nxa4 53.Kf2 Nc3 54.Ke3 Na2 55.Kd2 Nb4 56.Bf1 a5 57.Kc3 a4
58.Kb2 Na6 59.Ka3 Nc7 60.Kxa4 Kf6 61.Be2  1/2-1/2

[Event "FIDE World Blitz 2013"]
[Site "Khanty-Mansiysk RUS"]
[Date "2013.06.09"]
[Round "5.18"]
[White "Pridorozhni,A"]
[Black "Jakovenko,D"]
[Result "0-1"]
[WhiteElo "2512"]
[BlackElo "2713"]

1.e4 e5 2.f4 d5 3.exd5 exf4 4.Nf3 Nf6 5.Bc4 Nxd5 6.O-O Be7 7.d4 O-O 8.Bxd5 Qxd5
9.Bxf4 c6 10.Nc3 Qh5 11.Ne2 Be6 12.Ng3 Qa5 13.b3 Nd7 14.c4 Nf6 15.Re1 h6
16.Re5 Qb6 17.Nf5 Bxf5 18.Rxf5 Rad8 19.Qf1 Qb4 20.Re1 Rfe8 21.h3 Bf8 22.Rxe8 Rxe8
23.Bxh6 Ne4 24.Bf4 g6 25.Re5 Rxe5 26.Bxe5 Bh6 27.Qe2 f5 28.g4 Qc3 29.gxf5 gxf5
30.Kg2 Qc1 31.d5 Bf4 32.Bb2 Qb1 33.Bd4 cxd5 34.cxd5 a6 35.Ne1 Bd6 36.Nd3 Kf8
37.Qf3 Qc2+ 38.Bf2 Ng3 39.Ne1 Qxa2 40.Qc3 Ne4 41.Qh8+ Ke7 42.Qh7+ Kf6 43.Qh6+ Kf7
44.Qh7+ Kf6 45.Qh6+ Ke7 46.Qg7+ Kd8 47.Qg8+ Kc7 48.Qf7+ Kb8 49.Qe8+ Kc7 50.Qf7+ Kb8
51.Qxf5 Nxf2 52.Qxf2 Qxb3 53.Qf3 Qb2+ 54.Kf1 a5 55.Nd3 Qb1+ 56.Ke2 a4 57.Qg4 a3
58.Qh4 Qb6 59.Qa4 Qd8 60.h4 Qe7+ 61.Kd1 Qe3 62.Kc2 Qe2+ 63.Kc3 a2 64.Kd4  0-1

[Event "FIDE World Blitz 2013"]
[Site "Khanty-Mansiysk RUS"]
[Date "2013.06.09"]
[Round "6.18"]
[White "Jakovenko,D"]
[Black "Pridorozhni,A"]
[Result "1/2-1/2"]
[WhiteElo "2713"]
[BlackElo "2512"]

1.d4 b5 2.Nf3 Bb7 3.g3 Nf6 4.Bg2 e6 5.O-O c5 6.c3 Be7 7.Qd3 a6 8.Nbd2 cxd4
9.cxd4 Nc6 10.a3 O-O 11.Nb3 Na5 12.Nc5 Bd5 13.b4 Nc6 14.Re1 d6 15.Nb3 Be4
16.Qd1 Rc8 17.Nbd2 d5 18.Bb2 a5 19.bxa5 Qxa5 20.Nxe4 Nxe4 21.Qd3 Qa4 22.Ne5 Nxe5
23.dxe5 Nc5 24.Qd1 Nb3 25.Rb1 Rc4 26.e3 Rfc8 27.Bf1 R4c5 28.Bd3 g6 29.Qe2 Qa5
30.Red1 Qa4 31.h4 h5 32.Kg2 Kg7 33.Kh2 Kg8 34.Rg1 Qg4 35.Qxg4 hxg4 36.Rgd1 Kg7
37.Kg2 Kg8 38.Kf1 Kg7 39.Kg2 Kg8 40.Kf1 Kg7 41.Kg2 Ra8 42.Kf1 Ra5 43.Be2 Ra4
44.Rd3 Na5 45.Bd4 Rc7 46.Rxb5 Nc4 47.Bxg4 Bxa3 48.Be2 Be7 49.Rb1 Ra2 50.Rbd1 Rb7
51.h5 gxh5 52.Bxh5 Bb4 53.Kg2 Nd2 54.Bf3 Nxf3 55.Kxf3 Be7 56.R1d2 Rxd2 57.Rxd2 Kg6
58.g4 Rb4 59.Kg3 Rc4 60.f4 Bc5 61.Bxc5 Rxc5 62.Kf3 Rc3 63.Rd4 Ra3 64.Rb4 Rc3
65.Ra4 Rb3 66.Ke2 Rb2+ 67.Kf3 Rb3 68.Rd4 Ra3 69.Rb4 Rc3 70.Ke2 Rc2+ 71.Kd3 Rg2
72.g5 Rg1 73.Rb8 Kg7 74.Rb7 Kg6 75.Rb8 Kg7 76.Rb2 Rd1+ 77.Rd2 Ra1 78.Rh2 Ra3+
79.Kd4 Ra4+ 80.Kc5 Rc4+ 81.Kd6 Re4 82.Rh3 Kf8 83.g6 d4 84.gxf7 Kxf7 85.f5 exf5
86.exd4 Rxd4+ 87.Kc5 Rd8 88.Rh6 Ke7 89.Rf6 Rf8 90.Rxf8 Kxf8 91.Kd4  1/2-1/2

[Event "FIDE World Blitz 2013"]
[Site "Khanty-Mansiysk RUS"]
[Date "2013.06.09"]
[Round "9.12"]
[White "Rublevsky,S"]
[Black "Jakovenko,D"]
[Result "1-0"]
[WhiteElo "2695"]
[BlackElo "2713"]

1.e4 e5 2.Nf3 Nc6 3.d4 exd4 4.Nxd4 Bc5 5.Be3 Qf6 6.c3 Nge7 7.Qd2 O-O 8.Nb5 Bxe3
9.Qxe3 d5 10.Nd2 dxe4 11.Nxe4 Qe5 12.Nc5 Qxe3+ 13.fxe3 a6 14.Nxc7 Ra7 15.O-O-O Nf5
16.Nd5 b6 17.Na4 b5 18.Nc5 Nce7 19.e4 Nxd5 20.Rxd5 Ne3 21.Rd6 f5 22.exf5 Bxf5
23.Nxa6 Nc4 24.Bxc4+ bxc4 25.Rf1 Re7 26.Nb4 g6 27.Rd4 Rc8 28.g4 Be6 29.Re1 Ree8
30.Rde4 Kf7 31.g5 Rc5 32.h4 Bd7 33.Rxe8 Bxe8 34.Re4 Bd7 35.Nc2 Bc6 36.Rf4+ Kg7
37.Nd4 Bd5 38.Kd2 h6 39.gxh6+ Kxh6 40.b4 cxb3 41.axb3 Kh5 42.Kd3 Rc7 43.c4 Bg2
44.Ne6 Rd7+ 45.Kc3 Bh3 46.Nc5 Re7 47.Ne4 Bg2 48.Nf6+  1-0

[Event "FIDE World Blitz 2013"]
[Site "Khanty-Mansiysk RUS"]
[Date "2013.06.09"]
[Round "10.12"]
[White "Jakovenko,D"]
[Black "Rublevsky,S"]
[Result "0-1"]
[WhiteElo "2713"]
[BlackElo "2695"]

1.d4 d5 2.c4 dxc4 3.e4 Nf6 4.e5 Nd5 5.Bxc4 Nb6 6.Bd3 Nc6 7.Be3 Nb4 8.Be4 f5
9.exf6 exf6 10.Nc3 f5 11.Bb1 N4d5 12.Nf3 Nxe3 13.fxe3 Bd6 14.O-O O-O 15.e4 c6
16.a4 fxe4 17.Bxe4 Kh8 18.Qc2 Bg4 19.Rae1 Bxf3 20.Bxf3 Qh4 21.g3 Qxd4+ 22.Kh1 Rae8
23.Rxe8 Rxe8 24.Bg2 Nc4 25.Rd1 Qe5 26.Qb3 Qe1+ 27.Rxe1 Rxe1+ 28.Bf1 Ne3 29.h4 Bxg3
30.Ne2 Rxf1+ 31.Ng1 Bf2 32.Qf7 Rxg1+ 33.Kh2 Ng4+  0-1

[Event "FIDE World Blitz 2013"]
[Site "Khanty-Mansiysk RUS"]
[Date "2013.06.09"]
[Round "11.19"]
[White "Jakovenko,D"]
[Black "Frolyanov,D"]
[Result "1-0"]
[WhiteElo "2713"]
[BlackElo "2570"]

1.Nf3 d5 2.d4 Nf6 3.c4 e6 4.Nc3 dxc4 5.e4 Bb4 6.Bg5 c5 7.Bxc4 cxd4 8.Nxd4 Bxc3+
9.bxc3 Qa5 10.Bb5+ Bd7 11.Bxf6 gxf6 12.Bxd7+ Nxd7 13.O-O a6 14.Rb1 Qc7 15.Qh5 Nc5
16.Rfe1 Qe5 17.Qf3 Rg8 18.g3 h5 19.Qe3 h4 20.Nf3 Qc7 21.Nxh4 O-O-O 22.Rbd1 Kb8
23.Nf3 Rh8 24.Rd4 Rc8 25.Rb1 Ka8 26.a4 Qa5 27.Rdb4 Rc7 28.Qd4 Nd7 29.Rc4 Rhc8
30.Rxc7 Qxc7 31.Kg2 Ne5 32.Nxe5 fxe5 33.Qb4 f5 34.Qb6 Qf7 35.Qe3 Qc7 36.Re1 Re8
37.Qg5 f4 38.c4 Rf8 39.h4 fxg3 40.fxg3 Qxc4 41.Qxe5 Qc2+ 42.Kh3 Rf2 43.Qh8+ Ka7
44.Qd4+ Ka8 45.Rd1 Rh2+ 46.Kg4 Qe2+ 47.Kg5 Qf3 48.Rd3 Qf7 49.Qh8+ Ka7 50.Rd8 e5
51.Qxe5  1-0

[Event "FIDE World Blitz 2013"]
[Site "Khanty-Mansiysk RUS"]
[Date "2013.06.09"]
[Round "12.19"]
[White "Frolyanov,D"]
[Black "Jakovenko,D"]
[Result "0-1"]
[WhiteElo "2570"]
[BlackElo "2713"]

1.e4 e5 2.Nf3 Nc6 3.Bb5 Nf6 4.d3 Bc5 5.O-O Nd4 6.Nxd4 Bxd4 7.c3 Bb6 8.Nd2 O-O
9.Nc4 c6 10.Nxb6 axb6 11.Bc4 d5 12.exd5 cxd5 13.Bb3 h6 14.h3 Bf5 15.Re1 Qd6
16.Qf3 Bg6 17.d4 e4 18.Qf4 Qd7 19.Qh4 Qc6 20.Qg3 Rad8 21.Bf4 Nh5 22.Qe3 Nxf4
23.Qxf4 b5 24.a3 Kh7 25.f3 Rd6 26.fxe4 Bxe4 27.Re3 Rf6 28.Qh4 Qd6 29.Rae1 Rg6
30.R3e2 f5 31.Bc2 Rg3 32.Rf2 Rf6 33.Bxe4 dxe4 34.Qf4 Qxf4 35.Rxf4 g5 36.Rf2 e3
37.Rf3 Rxf3 38.gxf3 f4 39.Kf1 Kg6 40.Ke2 Kf5 41.Kd3 h5 42.b3 g4 43.hxg4+ hxg4
44.fxg4+ Kxg4 45.c4 bxc4+ 46.bxc4 Kf3 47.d5 b6 48.a4 Kf2 49.Re2+ Kg1 50.Re1+ Kg2
51.Kd4 Kf2 52.Rb1 e2 53.Ke5 Rf8 54.a5 bxa5 55.d6 e1=Q+ 56.Rxe1 Kxe1 57.Kd4  0-1

[Event "FIDE World Blitz 2013"]
[Site "Khanty-Mansiysk RUS"]
[Date "2013.06.09"]
[Round "13.13"]
[White "Rakhmanov,Ale"]
[Black "Jakovenko,D"]
[Result "0-1"]
[WhiteElo "2602"]
[BlackElo "2713"]

1.d4 d5 2.Nf3 Nf6 3.e3 c6 4.Bd3 Bg4 5.c4 e6 6.Nbd2 Nbd7 7.Qb3 Qb6 8.O-O Qxb3
9.axb3 Be7 10.h3 Bf5 11.Bxf5 exf5 12.Nb1 a6 13.Nc3 O-O 14.Bd2 Bd6 15.Rfc1 Rac8
16.Ne1 Ne4 17.Rc2 Ndf6 18.Nd3 g5 19.Rac1 Rcd8 20.Be1 Rfe8 21.Ne2 Nd7 22.f3 Nef6
23.Bf2 Kg7 24.Nc3 Kg6 25.cxd5 Nxd5 26.Nxd5 cxd5 27.b4 Nf6 28.Nc5 Re7 29.b3 h5
30.Nd3 h4 31.Re1 Rde8 32.Rec1 Nh5 33.Rc8 Rxc8 34.Rxc8 f4 35.Rg8+ Kf6 36.exf4 Nxf4
37.Nxf4 Bxf4 38.Rd8 Re2 39.Rxd5 Rb2 40.Kf1 Rxb3 41.b5 Rxb5 42.Rxb5 axb5 43.Be1 Ke6
44.Ke2 Kd5 45.Kd3 Bd6 46.Bd2 f6 47.Be1 b4 48.f4 Bxf4 49.Bxb4 Bd6 50.Ba5 Be7
51.Bb6 f5 52.Bc7 b5  0-1

[Event "FIDE World Blitz 2013"]
[Site "Khanty-Mansiysk RUS"]
[Date "2013.06.09"]
[Round "14.13"]
[White "Jakovenko,D"]
[Black "Rakhmanov,Ale"]
[Result "1-0"]
[WhiteElo "2713"]
[BlackElo "2602"]

1.Nf3 d5 2.d4 Nc6 3.Bf4 Bg4 4.e3 e6 5.c4 Bb4+ 6.Nc3 Nf6 7.Rc1 O-O 8.Be2 dxc4
9.Bxc4 Bd6 10.Bg3 Qe7 11.Be2 Rfd8 12.Bh4 h6 13.O-O g5 14.Bg3 Bxg3 15.fxg3 e5
16.d5 e4 17.Nd4 Bxe2 18.Ncxe2 Nxd4 19.Nxd4 Nxd5 20.Nf5 Qe6 21.Qh5 Rd6 22.Nxd6 cxd6
23.Qe2 Rc8 24.h3 Kg7 25.Kh2 Rxc1 26.Rxc1 Qe5 27.Qd2 Ne7 28.Qc3 Qxc3 29.Rxc3 Nd5
30.Rc4 f5 31.Rd4 Nxe3 32.Rxd6 Nf1+ 33.Kg1 Nxg3 34.Rd7+ Kf6 35.Rxb7 e3 36.Rxa7 Ne2+
37.Kf1 Ng3+ 38.Ke1 h5 39.b4 f4 40.Ra8 Kf7 41.b5 g4 42.hxg4 hxg4 43.Ra4 Nh5
44.Re4 Kf6 45.b6 Kf5 46.Re8 Nf6 47.Rf8 g3 48.Ke2  1-0